000 00764nam a2200229 a 4500
005 20200104041524.0
008 140121b2000 xxuck | |||| 00| 0 spa d
041 _aspa
044 _ack
090 _aIAvH
_b00149
110 _bFundación de Sabedores Siona y Cofán Zio-A'I Unión de Sabiduria
_94466
245 _aConservación, protección y uso ambiental del territorio Cofán y resguardo Ukumari kankhe
260 _aBogotá
_bInstituto Alexander von Humboldt
_c2000
300 _a27 p.
650 _aComunidad Kofán
_94467
650 _aUso de biodiversidad
_9343
650 _aConservación de biodiversidad
_9345
650 _aComunidades indígenas
_927703
650 _aConocimiento tradicional
_992244
662 _aColombia
942 _cINFORME
_2z
999 _c1796
_d1796